000 01988cam a2200349 4500
001 B-264939-944
005 20080724124639.0
008 700729s1970 nyua j 000 1 eng
010 _aB-264939-944
020 _a0448089289
_c135.00
035 _aB-264939-944
037 _a4439/8.5.08
_bBlue Berry
040 _aDPL
082 _aS
100 _aDixon, Franklin W.
245 _aThe sign of the crooked arrow,
_cby Franklin W. Dixon.
260 _aNew York,
_bGrosset & Dunlap
_c2003
300 _a178 p.
_bill.
_c20 cm (Hb)
350 _a1.50
490 _aThe Hardy boys mystery stories 28
520 _aThe Hardy brothers interrupt their investigations of jewelry-store holdups to answer a plea from their cousin on a New Mexico cattle ranch.
650 _aMystery and detective stories.
942 _2ddc
_cCH
_hS
_mDIX
999 _c14585
_d14585